Baldur's Gate 3 Spells - Statistics

General Stats
  • This quiz has been taken 40 times
    39 since last reset
  • The average score is 73 of 209
Answer Stats
Level School of Magic Answer % Correct
Level III Evocation Fireball
100%
Cantrip Evocation Fire Bolt
90%
Level VI Evocation Heal
85%
Cantrip Conjuration Light
80%
Level I Abjuration Shield
75%
Level I Evocation Guiding Bolt
70%
Level I Evocation Magic Missile
70%
Level IV Evocation Wall of Fire
70%
Level II Evocation Darkness
65%
Cantrip Evocation Eldritch Blast
65%
Level II Illusion Invisibility
65%
Level II Conjuration Misty Step
65%
Cantrip Evocation Shocking Grasp
65%
Cantrip Necromancy Toll the Dead
65%
Level V Evocation Wall of Stone
65%
Cantrip Enchantment Guidance
60%
Level III Transmutation Haste
60%
Cantrip Evocation Mage Hand
60%
Level I Enchantment Bane
55%
Level I Enchantment Bless
55%
Level I Enchantment Command
55%
Cantrip Divination Friends
55%
Level I Evocation Healing Word
55%
Level II Enchantment Hold Person
55%
Level III Evocation Lightning Bolt
55%
Level I Abjuration Mage Armour
55%
Cantrip Illusion Minor Illusion
55%
Level II Evocation Moonbeam
55%
Cantrip Evocation Ray of Frost
55%
Level IV Abjuration Stoneskin
55%
Level I Evocation Thunderwave
55%
Level VI Evocation Wall of Ice
55%
Level II Transmutation Barkskin
50%
Cantrip Evocation Bone Chill
50%
Level II Conjuration Cloud of Daggers
50%
Level III Abjuration Counterspell
50%
Level II Enchantment Crown of Madness
50%
Level I Evocation Cure Wounds
50%
Level II Transmutation Enlarge/Reduce
50%
Level II Evocation Gust of Wind
50%
Level V Enchantment Hold Monster
50%
Level I Necromancy Ray of Sickness
50%
Level II Evocation Scorching Ray
50%
Level II Illusion Silence
50%
Level I Divination Speak with Animals
50%
Level III Conjuration Spirit Guardians
50%
Level V Transmutation Telekinesis
50%
Cantrip Conjuration Acid Splash
45%
Level II Abjuration Arcane Lock
45%
Cantrip Evocation Booming Blade
45%
Level I Evocation Burning Hands
45%
Level I Enchantment Charm Person
45%
Level I Evocation Chromatic Orb
45%
Cantrip Necromancy Dancing Lights
45%
Level I Transmutation Feather Fall
45%
Level I Conjuration Find Familiar
45%
Level I Conjuration Grease
45%
Level IV Illusion Greater Invisibility
45%
Level I Evocation Hellish Rebuke
45%
Level I Enchantment Hex
45%
Level III Conjuration Hunger of Hadar
45%
Level I Divination Hunter's Mark
45%
Level I Conjuration Ice Knife
45%
Level IV Evocation Ice Storm
45%
Cantrip Conjuration Poison Spray
45%
Cantrip Evocation Sacred Flame
45%
Level I Abjuration Sanctuary
45%
Level III Necromancy Speak with Dead
45%
Level I Evocation Witch Bolt
45%
Level I Abjuration Armour of Agathys
40%
Level IV Abjuration Banishment
40%
Cantrip Necromancy Bursting Sinew
40%
Level I Transmutation Create or Destroy Water
40%
Level I Necromancy False Life
40%
Level II Transmutation Knock
40%
Level III Evocation Mass Healing Word
40%
Level II Illusion Mirror Image
40%
Level III Transmutation Plant Growth
40%
Cantrip Conjuration Produce Flame
40%
Level II Evocation Shatter
40%
Level I Enchantment Sleep
40%
Level II Transmutation Spike Growth
40%
Level I Enchantment Tasha's Hideous Laughter
40%
Cantrip Transmutation Thorn Whip
40%
Cantrip Divination True Strike
40%
Cantrip Enchantment Vicious Mockery
40%
Level II Abjuration Aid
35%
Level I Conjuration Arms of Hadar
35%
Level III Necromancy Bestow Curse
35%
Cantrip Abjuration Blade Ward
35%
Level III Conjuration Call Lightning
35%
Level VI Evocation Chain Lightning
35%
Level V Conjuration Cloudkill
35%
Level I Illusion Colour Spray
35%
Level V Evocation Cone of Cold
35%
Level II Transmutation Darkvision
35%
Level I Illusion Disguise Self
35%
Level I Evocation Faerie Fire
35%
Level III Illusion Fear
35%
Level V Abjuration Greater Restoration
35%
Level II Abjuration Lesser Restoration
35%
Level I Transmutation Longstrider
35%
Level I Abjuration Protection from Evil and Good
35%
Level II Necromancy Ray of Enfeeblement
35%
Level III Abjuration Remove Curse
35%
Level I Evocation Searing Smite
35%
Level II Divination See Invisibility
35%
Level III Transmutation Slow
35%
Level II Evocation Spiritual Weapon
35%
Cantrip Transmutation Thaumaturgy
35%
Level I Enchantment Animal Friendship
30%
Level II Necromancy Blindness
30%
Level III Transmutation Blink
30%
Level II Illusion Blur
30%
Level V Conjuration Conjure Elemental
30%
Level IV Conjuration Conjure Minor Elemental
30%
Level II Divination Detect Thoughts
30%
Level IV Conjuration Dimension Door
30%
Level II Transmutation Enhance Ability
30%
Level I Conjuration Entangle
30%
Level IV Conjuration Evard's Black Tentacles
30%
Level I Conjuration Fog Cloud
30%
Level III Illusion Hypnotic Pattern
30%
Level I Necromancy Inflict Wounds
30%
Level V Evocation Mass Cure Wounds
30%
Level II Evocation Melf's Acid Arrow
30%
Level V Illusion Seeming
30%
Cantrip Illusion Shadow Blade
30%
Level III Conjuration Sleet Storm
30%
Level VI Evocation Sunbeam
30%
Level I Evocation Thunderous Smite
30%
Level III Necromancy Animate Dead
25%
Level III Evocation Blinding Smite
25%
Level IV Enchantment Confusion
25%
Level I Enchantment Dissonant Whispers
25%
Level V Enchantment Dominate Person
25%
Level I Transmutation Expeditious Retreat
25%
Level IV Abjuration Freedom of Movement
25%
Level III Transmutation Gaseous Form
25%
Level III Abjuration Glyph of Warding
25%
Level I Transmutation Goodberry
25%
Level I Conjuration Hail of Thorns
25%
Level VI Necromancy Harm
25%
Level VI Conjuration Heroes' Feast
25%
Level II Abjuration Pass Without Trace
25%
Level V Abjuration Planar Binding
25%
Level IV Transmutation Polymorph
25%
Level III Abjuration Protection from Energy
25%
Cantrip Abjuration Resistance
25%
Level III Necromancy Revivify
25%
Cantrip Transmutation Shillelagh
25%
Level III Necromancy Vampiric Touch
25%
Level VI Conjuration Wall of Thorns
25%
Level I Evocation Wrathful Smite
25%
Level IV Necromancy Blight
20%
Level II Evocation Branding Smite
20%
Level II Enchantment Calm Emotions
20%
Level IV Conjuration Conjure Woodland Being
20%
Level III Evocation Daylight
20%
Level V Necromancy Dethrone
20%
Level IV Enchantment Dominate Beast
20%
Level III Transmutation Elemental Weapon
20%
Level I Transmutation Enhance Leap
20%
Level III Necromancy Feign Death
20%
Level II Evocation Flame Blade
20%
Level II Conjuration Flaming Sphere
20%
Level III Transmutation Grant Flight
20%
Level IV Conjuration Guardian of Faith
20%
Level II Transmutation Magic Weapon
20%
Level II Abjuration Protection from Poison
20%
Level I Abjuration Shield of Faith
20%
Level VI Evocation Blade Barrier
15%
Level I Enchantment Compelled Duel
15%
Level V Necromancy Contagion
15%
Level IV Abjuration Death Ward
15%
Level VI Transmutation Disintegrate
15%
Level V Abjuration Dispel Evil and Good
15%
Level I Evocation Divine Favour
15%
Level IV Evocation Fire Shield
15%
Level V Evocation Flame Strike
15%
Level VI Abjuration Globe of Invulnerability
15%
Level IV Conjuration Grasping Vine
15%
Level II Transmutation Heat Metal
15%
Level I Enchantment Heroism
15%
Level V Conjuration Insect Plague
15%
Level III Transmutation Lightning Arrow
15%
Level VI Evocation Otiluke's Freezing Sphere
15%
Level VI Enchantment Otto's Irresistible Dance
15%
Level II Evocation Prayer of Healing
15%
Level III Conjuration Stinking Cloud
15%
Level II Abjuration Warding Bond
15%
Level VI Conjuration Arcane Gate
10%
Level III Abjuration Beacon of Hope
10%
Level VI Necromancy Circle of Death
10%
Level VI Necromancy Create Undead
10%
Level III Evocation Crusader's Mantle
10%
Level V Evocation Destructive Wave
10%
Level II Enchantment Enthrall
10%
Level VI Necromancy Eyebite
10%
Level VI Transmutation Flesh to Stone
10%
Level II Illusion Phantasmal Force
10%
Level VI Conjuration Planar Ally
10%
Level VI Transmutation Wind Walk
10%
Level III Conjuration Conjure Barrage
5%
Level IV Evocation Curriculum of Strategy: Artistry of War
5%
Level IV Evocation Otiluke's Resilient Sphere
5%
Level IV Illusion Phantasmal Killer
5%
Level IV Evocation Staggering Smite
5%
Level III Evocation Warden of Vitality
5%
No matching quizzes found
Score Distribution
Percent of People with Each Score
Percentile by Number Answered
Your Score History
You have not taken this quiz since the last reset